00441nam a2200169Ia 4500008004100000020001500041041000800056082001500064100001000079245004700089260003900136300000900175440001000184500004200194650002500236700001000261230125s9999 xx 000 0 und d a8189410105 aeng a658.8bICF aICFAI aCase Studies in Services Marketing : Vol 1 c2006bICFAI publicationaHyderabad a225p aICFAI aServices marketing;ICFAI Case Studies aMarketing Management aICFAI